Mammals of northeastern Brazil: a preliminary assessment (Registro nro. 10427)

Detalles MARC
000 -CABECERA
Campo de control 006460000a22002050004500
090 ## - CLASIFICACIÓN LOCAL
Colección AR
Consecutivo 01342
041 0# - IDIOMA
Código de idioma para texto/pista de sonido o título separado
100 1# - ASIENTO PRINCIPAL--NOMBRE PERSONAL
Nombre personal Mares, Michael A.
245 10 - MENCION DE TITULO
Título Mammals of northeastern Brazil: a preliminary assessment
650 14 - ASIENTO SECUNDARIO DE MATERIA - TERMINO TEMATICO
Término temático o nombre geográfico como elemento de entrada Distribución geográfica
650 14 - ASIENTO SECUNDARIO DE MATERIA - TERMINO TEMATICO
Término temático o nombre geográfico como elemento de entrada Ecología
650 14 - ASIENTO SECUNDARIO DE MATERIA - TERMINO TEMATICO
Término temático o nombre geográfico como elemento de entrada Colecciones biológicas
650 14 - ASIENTO SECUNDARIO DE MATERIA - TERMINO TEMATICO
Término temático o nombre geográfico como elemento de entrada Murciélagos
651 #4 - ASIENTO SECUNDARIO DE MATERIA - NOMBRE GEOGRAFICO
-- Crato
-- Ceará
-- Brasil
700 1# - ASIENTO SECUNDARIO - NOMBRE PERSONAL
Nombre personal Willig, Michael R.
700 1# - ASIENTO SECUNDARIO - NOMBRE PERSONAL
Nombre personal Streilein, Kari E.
700 1# - ASIENTO SECUNDARIO - NOMBRE PERSONAL
Nombre personal Lacher, Thomas J,
773 1# - Item fuente:
Título Annals of Carnegie Museum
Especificación de materiales 376
Descripción física 50
Paginas del Articulo 81-137
Lugar, editorial y fecha de publicación 1981
Información sobre la relación 4
942 ## - ELEMENTOS ADICIONALES (KOHA)
Tipo de ítem Artículo
Existencias
Withdrawn status Lost status Damaged status No para préstamo Colección Ubicación Permanente Ubicación actual Fecha de adquisición Fuente de Valor Datos de publicación Seriada Total Checkouts Número topográfico Inventario / Código de Barras Date last seen Ejemplar Price effective from Forma de adquisición Tipo de material
      No para Préstamo Hemeroteca Bogotá Bogotá 27/02/2015 INCIVA Fuera de circulación   AR 01342 011686 25/03/2015 1 25/03/2015   Artículo